| 000 | 00700nac a22002171u 4500 | ||
|---|---|---|---|
| 010 | _a 82012019 | ||
| 020 | _a0711457565 (pbk.) : | ||
| 082 | 0 | 0 |
_a624.1 _bTUR |
| 090 |
_c9689 _d9689 |
||
| 100 | _aTurner, Dennis Frederi | ||
| 245 | 1 | 0 |
_aQuantity surveying : _bpractice and administration / _cDennis F. Turner. |
| 250 | _a3rd ed. | ||
| 260 |
_aLondon ; _aNew York : _bG. Godwin, _cc.1983. |
||
| 300 |
_a292 p. : _bill. ; _c24 cm. |
||
| 500 | _aIncludes index. | ||
| 500 | _aDistributer:Al-Ahram. | ||
| 504 | _aBibliography: p. 276-284. | ||
| 511 | _aCatalogued By: Mahitab. | ||
| 650 | 0 |
_aBuilding _xEstimates _zGreat Britain. |
|
| 942 |
_cBB _k624.1TUR |
||
| 999 |
_c9689 _d9689 |
||